000 00419nam a22001337a 4500
082 _a625.7
_bLEV
_cL-18, P-17
100 _aLevin, David R
_943576
245 _aPublic land acquisiton for highway purposes
_cDavid R Levin
260 _aWashington
_bUnited states government printing office
_c1943
300 _a32p.:
_bill.;
_c24cm.
526 _a0
_b0
_c0
_d625_700000000000000_LEV
650 _aMCE
_9379
942 _2ddc
_cBK
999 _c547372
_d547372